000
00305nam a22001457a 4500
003
SGT
082
_a
530.12,RAJ
100
_a
RAJPUT,B.S
245
_a
ADVANCED QUANTUM MECHANICS
250
_a
1ST
260
_a
MEERUT
_b
PRAGATI PRAKASHAN
_c
2016
300
_a
824
650
_a
PHYSICS
942
_2
ddc
_c
FPS
999
_c
10036
_d
10036